000 02569nam0a2200373 4500
001 RU\NLR\BIBL_A\022373064
005 20260420021001.0
010 _a978-5-89896-929-5
_9500
021 _aRU
_bКН-П-24-056731
_9КН-П-24-5657
035 _a(NLR Aleph) 022373064
090 _a13669145
_c13669145
100 _a20241105d2024 k y0rusy50 ca
101 0 _arus
102 _aRU
105 _aa z 000yy
181 0 _ai
_bxxxe
182 0 _an
200 1 _aМашины и оборудование для дегазации угольных пластов
_eмонография
_fА. А. Хорешок, Л. Е. Маметьев, А. М. Цехин [и др.]
_gМинистерство науки и высшего образования Российской Федерации, Федеральное государственное бюджетное образовательное учреждение высшего образования "Новгородский государственный университет имени Ярослава Мудрого", Федеральное государственное бюджетное образовательное учреждение высшего образования "Кузбасский государственный технический университет имени Т. Ф. Горбачева"
203 _aТекст
_bвизуальный
_cнепосредственный
210 _aВеликий Новгород
_cНовГУ
_d2024
215 _a282 с.
_cил., цв. ил., табл.
_d21
300 _aНа 282-й с. авт.: А. А. Хорешок, Л. Е. Маметьев, д-ра, профессора, А. М. Цехин, канд. техн. наук, доц., и др.
301 _aDOI: 10.34680/978-5-89896-929-5/2024.degassing
320 _aБиблиогр.: с. 277–281 (61 назв.)
606 1 _aКаменноугольные пласты
_xДегазация скважинами
_9943449
_3RU\NLR\AUTH\66349470
606 1 _aКаменноугольные шахты
_xДегазационные системы
_91264274
_3RU\NLR\AUTH\66519434
686 1 _aИ181.19
701 1 _aХорешок
_bА. А.
_f1951-
_gАлексей Алексеевич
701 1 _aМаметьев
_bЛ. Е.
_gЛеонид Евгеньевич
701 1 _aЦехин
_bА. М.
_gАлександр Михайлович
942 _cBOOK
980 _aNB